| 000 | 00662nam a22002177a 4500 | ||
|---|---|---|---|
| 003 | OSt | ||
| 005 | 20140310181930.0 | ||
| 008 | 130722t xxu||||| |||| 00| 0 eng d | ||
| 020 | _a9780199124558 | ||
| 050 |
_aPC 2129 _b.B756 2005 |
||
| 082 |
_aTRF 488 _bB66 2005 |
||
| 100 |
_aBoudais, Daniele _92638 |
||
| 245 |
_aEquipe nouvelle 2 : _blivre de l'etudiant / _cDaniele Bourdais, Sue Finnie, Anna Lise Gordon. |
||
| 260 |
_aOxford : _bOxford University Press, _cc2005. |
||
| 300 |
_a160 p. : _bill. col. ; _c28 cm. |
||
| 521 | _aFaculty | ||
| 541 | _j1 | ||
| 562 | _e1 | ||
| 650 |
_aFrench _xStudy and teaching. _92639 |
||
| 942 |
_2lcc _cBK-TR _kTR |
||
| 999 |
_c7320 _d7320 |
||